000 00424nam a2200169Ia 4500
001 30164
003 IN-NITTTR
005 20251114233409.0
008 251113s9999||||xx |||||||||||||| ||eng||
040 _beng
040 _cIN-NITTTR
041 _aeng
082 _a005.133 P287G
100 _aPratap, Rudra
245 0 _aMATLAB :
_b a quick introduction for scientists and engineering /
_cPratap, Rudra
942 _2ddc
_cBK
999 _c32792
_d32792